UBT Library

Drug-induced nutritional deficiencies / (Record no. 43920)

000 -LEADER
fixed length control field 00612pam a2200229 a 4500
001 - CONTROL NUMBER
control field 2387119
005 - DATE AND TIME OF LATEST TRANSACTION
control field 20180302033357.0
008 - FIXED-LENGTH DATA ELEMENTS--GENERAL INFORMATION
fixed length control field 850806s1985 ctua b 001 0 eng c
010 ## - LIBRARY OF CONGRESS CONTROL NUMBER
LC control number 85018671
020 ## - INTERNATIONAL STANDARD BOOK NUMBER
International Standard Book Number 0870555014 :
Terms of availability $45.00 (est.)
040 ## - CATALOGING SOURCE
Original cataloging agency DNLM/DLC
Transcribing agency DLC
Modifying agency DLC
041 ## - LANGUAGE CODE
Language code of text/sound track or separate title eng
060 ## - NATIONAL LIBRARY OF MEDICINE CALL NUMBER
Classification number WD 105 R698d
080 ## - UNIVERSAL DECIMAL CLASSIFICATION NUMBER
Universal Decimal Classification number 616.39
082 00 - DEWEY DECIMAL CLASSIFICATION NUMBER
Classification number 616.39 ROE
Edition number 19
100 1# - Rafti
Rafti 10
101 ## - Shkurtesa
Shkurtesa SHU
245 10 - TITLE STATEMENT
Title Drug-induced nutritional deficiencies /
Statement of responsibility, etc Daphne A. Roe.
504 ## - BIBLIOGRAPHY, ETC. NOTE
Bibliography, etc Includes bibliographies and index.
906 ## - LOCAL DATA ELEMENT F, LDF (RLIN)
a 7
b cbc
c orignew
d 1
e ocip
f 19
g y-gencatlg
942 ## - ADDED ENTRY ELEMENTS (KOHA)
Source of classification or shelving scheme
Item type Books
Holdings
Withdrawn status Lost status Source of classification or shelving scheme Damaged status Not for loan Collection code Permanent location Current location Shelving location Date acquired Total Checkouts Full call number Barcode Date last seen Price effective from Koha item type
          Koleksioni i përgjithshem UBT - Lipjan UBT - Lipjan Koleksioni i përgjithshem 03/02/2018   616.39 ROE 002-3000768 03/02/2018 03/02/2018 Books
UBT Library © 2015-2024. All rights reserved University Education for Business and Technology